ALL Helldivers 2 Warbonds (2026) - Statistics

General Stats
  • This quiz has been taken 24 times
  • The average score is 14 of 23
Answer Stats
Answer % Correct
Helldivers X Halo ODST
94%
Democratic Detonation
88%
Exo Experts
81%
Helldivers Mobilize
81%
Dust Devils
69%
Helldivers X Killzone
69%
Cutting Edge
63%
Entrenched Division
63%
Redacted Regiment
63%
Truth Enforcers
63%
Viper Commandos
63%
Chemical Agents
56%
Freedom's Flame
56%
Python Commandos
56%
Siege Breakers
56%
Control Group
50%
Steeled Veterans
50%
Urban Legends
50%
Polar Patriots
44%
Borderline Justice
38%
Force of Law
38%
Masters of Ceremony
38%
Servants of Freedom
38%
No matching quizzes found
Score Distribution
Percent of People with Each Score
Percentile by Number Answered
Your Score History
You have not taken this quiz